| 000 | 01023cam a2200301 i 4500 | ||
|---|---|---|---|
| 999 |
_c200441931 _d60143 |
||
| 003 | TR-AnTOB | ||
| 005 | 20230516124844.0 | ||
| 007 | ta | ||
| 008 | 050315s1982 tu b 100 0 tur | ||
| 040 |
_aBGZ _beng _erda _cBGZ _dTR-AnTOB |
||
| 041 | 0 | _atur | |
| 050 | 4 |
_bHD9016.T82 _aY37 1982 |
|
| 090 |
_aHD9016.T82 _bY37 1982 |
||
| 111 | 2 |
_aYaş Meyve ve Sebze ile Baklagiller İhracatı ve Sorunları Semineri _d(1982 : _cMersin) _9140165 |
|
| 245 | 1 | 0 | _aYaş meyve ve sebze ile Baklagiller ihracatı ve sorunları semineri. |
| 264 | 1 |
_aAnkara : _bMilli Prodüktivite Merkezi, _c1982. |
|
| 300 |
_a314 pages ; _c24 cm |
||
| 336 |
_2rdacontent _atext _btxt |
||
| 337 |
_2rdamedia _aunmediated _bn |
||
| 338 |
_2rdacarrier _avolume _bnc |
||
| 490 | 0 |
_aMilli Prodüktivite Merkezi yayınları ; _v265 |
|
| 504 | _aBIB | ||
| 650 | 7 |
_aÜrün ticareti _zTürkiye _vKongreler _2etuturkob _933786 |
|
| 710 | 2 |
_aMilli Prodüktivite Merkezi (Turkey) _930586 |
|
| 942 |
_2lcc _cBK |
||